Southville International School and Colleges
Your cart is empty.
  • Cart
  • Lists
    Public lists Eva Luna New books Lux_list list_1
    Your lists Log in to create your own lists
  • Log in to your account
  • Your cookies
  • Search history
Southville International School and Colleges
  • Advanced search
  • Recent comments
  • Most popular
  • Libraries

Log in to your account

Log in with GOOGLE


If you do not have an external account, but do have a local account, you can still log in:

  1. Home
  2. MARC view: New drug development :
Normal view MARC view ISBD view

New drug development : (Record no. 14004)

[ view plain ]
MARC details
000 -LEADER
fixed length control field 00505nam a22001817a 4500
003 - CONTROL NUMBER IDENTIFIER
control field OSt
005 - DATE AND TIME OF LATEST TRANSACTION
control field 20140310182519.0
008 - FIXED-LENGTH DATA ELEMENTS--GENERAL INFORMATION
fixed length control field 130810t xxu||||| |||| 00| 0 eng d
020 ## - INTERNATIONAL STANDARD BOOK NUMBER
International Standard Book Number 9781441954175
050 ## - LIBRARY OF CONGRESS CALL NUMBER
Classification number RS 189
Item number .T944 2010
100 ## - MAIN ENTRY--PERSONAL NAME
Personal name Turner, Rick J.
9 (RLIN) 9311
245 ## - TITLE STATEMENT
Title New drug development :
Remainder of title an introduction to clinical trials /
250 ## - EDITION STATEMENT
Edition statement 2nd ed.
260 ## - PUBLICATION, DISTRIBUTION, ETC. (IMPRINT)
Place of publication, distribution, etc USA :
Name of publisher, distributor, etc Springer Science+Business Media,
Date of publication, distribution, etc 2010.
300 ## - PHYSICAL DESCRIPTION
Extent 256 p. ;
Dimensions 240 cm.
942 ## - ADDED ENTRY ELEMENTS (KOHA)
Source of classification or shelving scheme Library of Congress Classification
Koha item type
Holdings
Withdrawn status Lost status Source of classification or shelving scheme Damaged status Home library Current library Shelving location Date acquired Source of acquisition Total Checkouts Full call number Barcode Date last seen Copy number Price effective from Koha item type
    Library of Congress Classification   South SEED-LPDH College Library South SEED-LPDH College Library South SEED-LPDH College Section 08/10/2013 Donation   RS 189 .T944 2010 SSLC0899 05/15/2018 1 08/10/2013 Books

New drug development :

APA

Turner R. J., . (2010). New drug development. USA: Springer Science+Business Media.

Chicago

Turner Rick J, . 2010. New drug development. USA: Springer Science+Business Media.

Harvard

Turner R. J., . (2010). New drug development. USA: Springer Science+Business Media.

MLA

Turner Rick J, . New drug development. USA: Springer Science+Business Media. 2010.

  • Place hold
  • Print
  • Cite
  • Add to your cart (remove)
  • Save record
    BIBTEX Dublin Core MARCXML MARC (non-Unicode/MARC-8) MARC (Unicode/UTF-8) MARC (Unicode/UTF-8, Standard) MODS (XML) RIS
  • More searches
    Search for this title in:
    Other Libraries (WorldCat) Other Databases (Google Scholar) Online Stores (Bookfinder.com) Open Library (openlibrary.org)

Exporting to Dublin Core...

SOUTHVILLE LIBRARY

Southville International School and Colleges Library

1281 Tropical Ave. Cor. Luxembourg St., BF Homes International, Las Pinas City

Tel. No. 8256374 / 252358 Loc. 117/146

Powered by Koha